| 000 -LEADER |
| fixed length control field |
01312nam a22003617a 4500 |
| 005 - DATE AND TIME OF LATEST TRANSACTION |
| control field |
20260416174631.0 |
| 008 - FIXED-LENGTH DATA ELEMENTS--GENERAL INFORMATION |
| fixed length control field |
260416b xxu||||| |||| 00| 0 eng d |
| 040 ## - CATALOGING SOURCE |
| Transcribing agency |
Cagayan State University |
| 082 ## - DEWEY DECIMAL CLASSIFICATION NUMBER |
| Classification number |
791.4372 |
| Item number |
R588 |
| 245 ## - TITLE STATEMENT |
| Title |
The rip / |
| Statement of responsibility, etc |
directed and written by Joe Carnahan ; written by Michael McGrale. |
| 260 ## - PUBLICATION, DISTRIBUTION, ETC. (IMPRINT) |
| Place of publication, distribution, etc |
United States : |
| Name of publisher, distributor, etc |
Artists Equity and Starlight Media, |
| Date of publication, distribution, etc |
2026. |
| 300 ## - PHYSICAL DESCRIPTION |
| Extent |
1 videofile (ca. 113 minutes) : |
| Other physical details |
sound, color. |
| 500 ## - GENERAL NOTE |
| General note |
Summary taken from IMDB.com. |
| 520 ## - SUMMARY, ETC. |
| Summary, etc |
A group of Miami cops discovers a stash of millions in cash, leading to distrust as outsiders learn about the huge seizure, making them question who to rely on. |
| 521 ## - TARGET AUDIENCE NOTE |
| Target audience note |
Rated R for violence & gore, profanity, alcohol, drugs & smoking, and frightening & intense scenes. |
| 546 ## - LANGUAGE NOTE |
| Language note |
In English subtitle. |
| 650 ## - SUBJECT ADDED ENTRY--TOPICAL TERM |
| Topical term or geographic name as entry element |
Cop Drama |
| 650 ## - SUBJECT ADDED ENTRY--TOPICAL TERM |
| Topical term or geographic name as entry element |
Drug Crime |
| 650 ## - SUBJECT ADDED ENTRY--TOPICAL TERM |
| Topical term or geographic name as entry element |
Police Procedural |
| 650 ## - SUBJECT ADDED ENTRY--TOPICAL TERM |
| Topical term or geographic name as entry element |
Suspense Mystery |
| 650 ## - SUBJECT ADDED ENTRY--TOPICAL TERM |
| Topical term or geographic name as entry element |
True Crime |
| 650 ## - SUBJECT ADDED ENTRY--TOPICAL TERM |
| Topical term or geographic name as entry element |
Whodunnit |
| 655 ## - INDEX TERM--GENRE/FORM |
| Genre/form data or focus term |
Action |
| 655 ## - INDEX TERM--GENRE/FORM |
| Genre/form data or focus term |
Crime |
| 655 ## - INDEX TERM--GENRE/FORM |
| Genre/form data or focus term |
Drama |
| 655 ## - INDEX TERM--GENRE/FORM |
| Genre/form data or focus term |
Mystery |
| 700 ## - ADDED ENTRY--PERSONAL NAME |
| Personal name |
Carnahan, Joe, director and writer. |
| 700 ## - ADDED ENTRY--PERSONAL NAME |
| Personal name |
McGrale, Michael, writer. |
| 700 ## - ADDED ENTRY--PERSONAL NAME |
| Personal name |
Damon, Matt, actor. |
| 700 ## - ADDED ENTRY--PERSONAL NAME |
| Personal name |
Affleck, Ben, actor. |
| 700 ## - ADDED ENTRY--PERSONAL NAME |
| Personal name |
Yeun, Steven, actor. |
| 942 ## - ADDED ENTRY ELEMENTS (KOHA) |
| Source of classification or shelving scheme |
|
| Item type |
Audio-Visual Materials |